| 000 | 00694nam 22002293 4500 | ||
|---|---|---|---|
| 001 | 198265 | ||
| 010 | _a972-23-3151-5 | ||
| 021 |
_aPT _b204 716/03 |
||
| 090 | _a198265 | ||
| 100 | _a20251006d u||y0pory50 ba | ||
| 101 | _apor | ||
| 200 |
_aOtto e a Cidade Mágica _fCharlotte Haptie _gTradução de Jaime Araújo |
||
| 205 | _a1ª | ||
| 210 |
_aBarcarena _cEditorial Presença _d2004 |
||
| 215 |
_a207, [1] p. : il. _cBrochado _d21 cm |
||
| 225 |
_aEstrela do Mar _v62 |
||
| 606 |
_95325 _aLiteratura Juvenil Holandesa |
||
| 675 |
_a821.112.5-93/HAP/OTT _vPT _zpor |
||
| 700 |
_914224 _aHaptie _bCharlotte |
||
| 801 |
_aPT _bBMMN _gRPC |
||
| 830 |
_cCarlos Pinto _d06-10-2025 _fCarlos Pinto |
||
| 990 | _cLIVROS | ||